Statistics for Prefectures of Japan by Picture

Click here to take the quiz!

General Stats

  • This quiz has been taken 23 times
  • The average score is 33 of 47

Answer Stats

Answer% Correct
Aomori
100%
Chiba
88%
Gifu
88%
Hiroshima
88%
Hokkaido
88%
Kumamoto
88%
Kyoto
88%
Nagano
88%
Nagasaki
88%
Niigata
88%
Oita
88%
Okinawa
88%
Osaka
88%
Tokyo
88%
Akita
75%
Fukuoka
75%
Fukushima
75%
Iwate
75%
Wakayama
75%
Yamagata
75%
Fukui
63%
Gunma
63%
Hyogo
63%
Ibaraki
63%
Ishikawa
63%
Kagoshima
63%
Kanagawa
63%
Kochi
63%
Mie
63%
Miyagi
63%
Miyazaki
63%
Nara
63%
Okayama
63%
Saga
63%
Saitama
63%
Shizuoka
63%
Tochigi
63%
Tokushima
63%
Tottori
63%
Yamanashi
63%
Aichi
50%
Ehime
50%
Kagawa
50%
Shiga
50%
Shimane
50%
Toyama
50%
Yamaguchi
50%

Score Distribution

Percentile by Number Answered

Percent of People with Each Score

Your Score History

You have not taken this quiz